| 000 | 00457nam a22001457a 4500 | ||
|---|---|---|---|
| 020 | _a9787546162171 | ||
| 040 | _cNUST | ||
| 082 |
_a951.099 _bFOR |
||
| 100 |
_aBoshu Liang _915011 |
||
| 245 |
_aForeign experts in china _bStories of the Chinese Government’s Friendship Award Winners (Science and Technology) _cLiang Boshu |
||
| 260 |
_aHuang shan publishing house _c2016 |
||
| 300 |
_aill, 150 p.; _c18 cm. |
||
| 500 | _aPaper BACK | ||
| 942 |
_2ddc _cBK |
||
| 999 |
_c588800 _d588800 |
||